000
00282nam a2200121Ia 4500
008
190216s9999||||xx |||||||||||||| ||und||
100
_a
Sanu M K
245
0
_a
Asthamikkatha Velicham
260
_b
Poorna Pubs Kozhikode
300
_a
152
650
_a
Jeeva Charithram
942
_c
BK
999
_c
25794
_d
25794